Designing and managing organizations / (Record no. 35804)
[ view plain ]
| 000 -CABECERA | |
|---|---|
| campo de control de longitud fija | 00568nam a2200169 a 4500 |
| 001 - NÚMERO DE CONTROL | |
| campo de control | 000036313 |
| 005 - FECHA Y HORA DE LA ÚLTIMA TRANSACCIÓN | |
| campo de control | 20250527113226.0 |
| 008 - DATOS DE LONGITUD FIJA--INFORMACIÓN GENERAL | |
| campo de control de longitud fija | 120113s1983 xxua 000 0 spa d |
| 040 ## - FUENTE DE LA CATALOGACIÓN | |
| Centro catalogador/agencia de origen | DO-SdBNP |
| Lengua de catalogación | spa |
| Centro/agencia transcriptor | BNPHU |
| 100 1# - ENTRADA PRINCIPAL--NOMBRE DE PERSONA | |
| Nombre de persona | Fink, Stephen L. |
| 9 (RLIN) | 62467 |
| 245 10 - MENCIÓN DE TÍTULO | |
| Título | Designing and managing organizations / |
| Mención de responsabilidad, etc. | Stephen L. Fink, R. Stephen Jenks, Robin D. Willits. |
| 260 ## - PUBLICACIÓN, DISTRIBUCIÓN, ETC. | |
| Lugar de publicación, distribución, etc. | Illinois : |
| Nombre del editor, distribuidor, etc. | Richard D. Irwin, |
| Fecha de publicación, distribución, etc. | 1983. |
| 300 ## - DESCRIPCIÓN FÍSICA | |
| Extensión | xviii, 648 p. ; |
| Dimensiones | 24 cm. |
| 650 20 - PUNTO DE ACCESO ADICIONAL DE MATERIA--TÉRMINO DE MATERIA | |
| Término de materia o nombre geográfico como elemento de entrada | Administración industrial |
| 9 (RLIN) | 5872 |
| 700 1# - PUNTO DE ACCESO ADICIONAL--NOMBRE DE PERSONA | |
| Nombre de persona | Jenks, R. Stephen |
| 9 (RLIN) | 62468 |
| 700 1# - PUNTO DE ACCESO ADICIONAL--NOMBRE DE PERSONA | |
| Nombre de persona | Willts, Robin D. |
| 9 (RLIN) | 62469 |
| Estado de retiro | Estado de pérdida | Restricciones de uso | No para préstamo | Código de colección | Localización permanente | Ubicación/localización actual | Ubicación en estantería | Fecha de adquisición | Número de inventario | Total de préstamos | Signatura topográfica completa | Código de barras | Fecha visto por última vez | Precio válido a partir de | Tipo de ítem Koha |
|---|---|---|---|---|---|---|---|---|---|---|---|---|---|---|---|
| Excluido de préstamo | Monografías: Libros y Folletos | General | General | En catalogación | 13.01.2012 | LF1 | 36314-10 | 25.06.2020 | 25.06.2020 | No se presta |
